Presidenti del Consiglio della Repubblica Italiana - Morte improvvisa - Statistics

Statistiche generali
  • Questo quiz è stato fatto 198 volte
    197 dall'ultimo reset
  • Il punteggio medio è 12 su 22
Answers on the Grid
Answers color-coded by a green-red scale on the quiz's grid according to % correct below.
Alcide De Gasperi
Aldo Moro
Amintore Fanfani
Antonio Di Pietro
Antonio Segni
Bettino Craxi
Carlo Azeglio Ciampi
Enrico Berlinguer
Fausto Bertinotti
Fernando Tambroni
Francesco Cossiga
Gianfranco Fini
Giorgia Meloni
Giorgio Almirante
Giorgio Napolitano
Giovanni Leone
Giovanni Spadolini
Giuliano Amato
Giuliano Pisapia
Giulio Andreotti
Giuseppe Conte
Giuseppe Grillo
Ignazio La Russa
Mariano Rumor
Mario Draghi
Mario Monti
Mario Scelba
Massimo D'Alema
Matteo Renzi
Oscar Luigi Scalfaro
Palmiro Togliatti
Pier Ferdinando Casini
Pier Luigi Bersani
Piero Fassino
Pino Rauti
Romano Prodi
Sergio Mattarella
Silvio Berlusconi
Umberto Bossi
Walter Veltroni
 
Statistiche sulle risposte
Risposta % Corretto
Aldo Moro
74%
Alcide De Gasperi
73%
Bettino Craxi
69%
Giorgia Meloni
65%
Mario Draghi
61%
Giuseppe Conte
60%
Matteo Renzi
59%
Silvio Berlusconi
59%
Amintore Fanfani
56%
Carlo Azeglio Ciampi
56%
Mario Monti
56%
Francesco Cossiga
55%
Giulio Andreotti
55%
Romano Prodi
49%
Massimo D'Alema
46%
Antonio Segni
45%
Giuliano Amato
45%
Fernando Tambroni
41%
Giovanni Spadolini
38%
Giovanni Leone
37%
Mariano Rumor
37%
Mario Scelba
34%
Nessun quiz corrispondente trovato
Distribuzione punteggi
Percentuale di utenti per punteggio
Percentile per numero di risposta
I tuoi punteggi nel tempo
Non hai fatto questo quiz dall'ultimo reset